000 00543nam a2200181Ia 4500
003 GCL
008 140319s9999 xx 000 0 ara d
040 _aGCL /
_cGCL
082 0 4 _a813.001
_bا ت
100 1 _aابراهيم السحانين
245 1 0 _aتطور الرواية العربية الحديثة فى بلاد الشام 1870 - 1967 /
_cابراهيم السحانين
300 _a591 ص
490 _aكتاب
_v0
650 0 4 _aالادب العربى
650 0 4 _aالنقد
650 0 4 _aالقصص
942 _2ddc
_cBK
999 _c42524
_d42524